00480nam a2200181Ia 450000500170000000800410001702000150005804000190007304100120009208200180010410000200012224500550014226000330019730000200023065000260025065100120027685000100028820231106102437.0131103s9999 xx 000 0 und d a8170460670 aLoreto College aEnglish a793.73 bBAS aBasu,Siddhartha aInquizitimeb The India Quizbook cSiddhartha Basu aCalcuttabSeagul Booksc1989 a167 p.b illus. aQuestions and Answers aQuizzes aLCLIB